| 000 | 00447nam a2200205Ia 4500 | ||
|---|---|---|---|
| 001 | 12888 | ||
| 003 | GE_BSU | ||
| 008 | 181216s||||||||xx |||||||||||||| ||und|| | ||
| 020 | _a9780553818017 | ||
| 040 | _cGE_BSU | ||
| 080 | _a821.111-312.4 | ||
| 100 | _aFranklin,Ariana. | ||
| 245 | 4 | _aThe Death Maze. | |
| 260 | _aLondon. | ||
| 260 | _bbanatam Books. | ||
| 260 | _c2008 | ||
| 300 | _a447p;18cm. | ||
| 653 | _aThe Death Maze. | ||
| 942 | _cBK | ||
| 999 |
_c46058 _d46058 |
||